A History of Western Art: from prehistory to the 21st Century (Record no. 9759)
[ view plain ]
| 000 -LEADER | |
|---|---|
| fixed length control field | 00349 a2200121 4500 |
| 008 - FIXED-LENGTH DATA ELEMENTS--GENERAL INFORMATION | |
| fixed length control field | 220525b ||||| |||| 00| 0 eng d |
| 020 ## - INTERNATIONAL STANDARD BOOK NUMBER | |
| International Standard Book Number | 9781907184321 |
| 082 ## - DEWEY DECIMAL CLASSIFICATION NUMBER | |
| Classification number | 709 |
| Item number | MAS |
| 100 ## - MAIN ENTRY--PERSONAL NAME | |
| Personal name | Antony Mason, John T. Spike |
| 245 ## - TITLE STATEMENT | |
| Title | A History of Western Art: from prehistory to the 21st Century |
| 260 ## - PUBLICATION, DISTRIBUTION, ETC. (IMPRINT) | |
| Name of publisher, distributor, etc | Book House - rare Books |
| Date of publication, distribution, etc | 2007 |
| 942 ## - ADDED ENTRY ELEMENTS (KOHA) | |
| Source of classification or shelving scheme | |
| Withdrawn status | Lost status | Source of classification or shelving scheme | Damaged status | Not for loan | Permanent location | Current location | Date acquired | Source of acquisition | Cost, normal purchase price | Barcode | Date last seen | Cost, replacement price | Price effective from | Koha item type |
|---|---|---|---|---|---|---|---|---|---|---|---|---|---|---|
| BMS College of Architecture, Design and Planning | BMS College of Architecture, Design and Planning | 2022-05-24 | 1 | 4700.00 | AR-UG2776 | 2022-05-24 | 4700.00 | 2022-05-24 | UG Books | |||||
| BMS College of Architecture, Design and Planning | BMS College of Architecture, Design and Planning | 2022-05-24 | 1 | 4700.00 | AR-UG2775 | 2022-05-24 | 4700.00 | 2022-05-24 | UG Books | |||||
| BMS College of Architecture, Design and Planning | BMS College of Architecture, Design and Planning | 2022-05-24 | 1 | 4700.00 | AR-UG2774 | 2022-05-24 | 4700.00 | 2022-05-24 | UG Books | |||||
| BMS College of Architecture, Design and Planning | BMS College of Architecture, Design and Planning | 2022-05-24 | 1 | 4700.00 | AR-UG2773 | 2022-05-24 | 4700.00 | 2022-05-24 | UG Books | |||||
| BMS College of Architecture, Design and Planning | BMS College of Architecture, Design and Planning | 2022-05-24 | AR-UG2777 | 2022-05-24 | 2022-05-24 | UG Books |